书目信息 |
| 题名: |
2007硕士学位研究生入学资格考试
|
|
| 作者: | 刘庆华 主编 | |
| 分册: | GCT数学模拟试题与解析 | |
| 出版信息: | 北京 清华大学出版社 2007.04 |
|
| 页数: | 148页 | |
| 开本: | 23cm | |
| 丛书名: | ||
| 单 册: | ||
| 中图分类: | O13-44 | |
| 科图分类: | ||
| 主题词: | 高等数学--gao deng shu xue--研究生--入学考试--解题 | |
| 电子资源: | ||
| ISBN: | 978-7-302-15045-9 | |
| 000 | 01082nam0 2200253 450 | |
| 001 | 012007229109 | |
| 005 | 20080422135923.79 | |
| 010 | @a978-7-302-15045-9@dCNY19.00 | |
| 100 | @a20080422d2007 em y0chiy0120 ea | |
| 101 | 0 | @achi |
| 102 | @aCN@b110000 | |
| 105 | @ak q 000yy | |
| 106 | @ar | |
| 200 | 1 | @a2007硕士学位研究生入学资格考试@A2007 shuo shi xue wei yan jiu sheng ru xue zi ge kao shi@iGCT数学模拟试题与解析@f刘庆华主编@Fliu qing hua zhu bian |
| 210 | @a北京@c清华大学出版社@d2007.04 | |
| 215 | @a148页@d23cm | |
| 330 | @a本书根据硕士专业学位研究生入学资格考试的大纲的要求,编写了12套模拟试题,每套试题包含25道单项选择题,其中算术、代数、几何三部分15道题,一元微积分、线性代数两部分共10道题。 | |
| 517 | 1 | @a硕士学位研究生入学资格考试@Ashuo shi xue wei yan jiu sheng ru xue zi ge kao shi |
| 517 | 1 | @aGCT数学模拟试题与解析@AGCT shu xue mo ni shi ti yu jie xi |
| 606 | 0 | @a高等数学@Agao deng shu xue@x研究生@x入学考试@j解题 |
| 690 | @aO13-44@v4 | |
| 701 | 0 | @a刘庆华@Aliu qing hua@4主编 |
| 801 | 0 | @aCN@bQSSK@c20080422 |
| 905 | @b295980-89@dO13-44@eL662@f10 | |
| 2007硕士学位研究生入学资格考试.GCT数学模拟试题与解析/刘庆华主编.-北京:清华大学出版社,2007.04 |
| 148页;23cm |
| ISBN 978-7-302-15045-9:CNY19.00 |
| 本书根据硕士专业学位研究生入学资格考试的大纲的要求,编写了12套模拟试题,每套试题包含25道单项选择题,其中算术、代数、几何三部分15道题,一元微积分、线性代数两部分共10道题。 |
| ● |
| 相关链接 |
|
|
|
正题名:2007硕士学位研究生入学资格考试
索取号:O13-44/L662
 
预约/预借
| 序号 | 登录号 | 条形码 | 馆藏地/架位号 | 状态 | 备注 |
| 1 | 295980 | 202959806 | 自科库401/401自科库 39排4列2层/ [索取号:O13-44/L662] | 在馆 | |
| 2 | 295981 | 202959815 | 自科库401/401自科库 39排4列2层/ [索取号:O13-44/L662] | 在馆 | |
| 3 | 295982 | 202959824 | 自科库401/401自科库 39排4列2层/ [索取号:O13-44/L662] | 在馆 | |
| 4 | 295983 | 202959833 | 自科库401/401自科库 39排4列2层/ [索取号:O13-44/L662] | 在馆 | |
| 5 | 295984 | 202959842 | 自科库401/401自科库 39排4列2层/ [索取号:O13-44/L662] | 在馆 | |
| 6 | 295985 | 202959851 | 自科库401/401自科库 39排4列2层/ [索取号:O13-44/L662] | 在馆 | |
| 7 | 295986 | 202959860 | 自科库401/401自科库 39排4列2层/ [索取号:O13-44/L662] | 在馆 | |
| 8 | 295987 | 202959879 | 自科库401/401自科库 39排4列2层/ [索取号:O13-44/L662] | 在馆 | |
| 9 | 295988 | 202959888 | 自科库401/401自科库 39排4列2层/ [索取号:O13-44/L662] | 在馆 | |
| 10 | 295989 | 202959897 | 自科库401/401自科库 39排4列2层/ [索取号:O13-44/L662] | 在馆 |